00406nam a2200145Ia 4500008004100000020001700041041000800058082001500066100003900081245004400120250000600164260005200170300000800222650003000230210716s2005 xx 000 0 und d a978813150531 aeng a658.3 DENA aDenisi, Angelo S;Griffin, Ricky W. aHRM: an introduction.bAn introduction. a1 aNew DelhibCengage Learning India Pvt Ltdc2005 a416 aHuman Resource Management